| 000 | 01011nam a2200277 a 4500 | ||
|---|---|---|---|
| 001 | 000014843 | ||
| 005 | 20250715104504.0 | ||
| 008 | 100122s2000 mx 000 0 spa d | ||
| 020 | _a9684444400 | ||
| 040 |
_aDO-SdBNP _bspa _cBNPHU |
||
| 041 | 1 | 7 |
_aspa _heng _2Código de idioma MARC |
| 082 |
_a303.483 _bL486m |
||
| 100 | 1 |
_aLeer, Anne. _933632 |
|
| 240 | 1 | 0 |
_aMasters of the wired world, _lEspañol. |
| 245 | 1 | 3 |
_aLa visión de los líderes en la era digital / _ceditado por Anne Leer ; traducción de Carme Aspe Solórzano ; prólogo de Tony Blair. |
| 260 |
_aMéxico : _bPearson Educación, _c2000. |
||
| 300 |
_a420 p. : _bil. ; _c24 cm. |
||
| 534 |
_pTítulo original en inglés: _tMasters of the wired world, _cPearson Education, 1999 _z0273650424 |
||
| 650 | 0 |
_aTecnología _925821 |
|
| 650 | 4 |
_aPlanificación _915996 |
|
| 650 | 0 |
_aComercio _933633 |
|
| 700 | 1 |
_aLeer, Anner, _eed. _933634 |
|
| 700 | 1 |
_aBlair, Tony, _epról. _933635 |
|
| 700 | 1 |
_aAspe Solórzano, Carme, _etr. _95953 |
|
| 049 | _aBNGR | ||
| 999 |
_c14423 _d14423 |
||